Ahmet Gunestekin (Record no. 15632)

MARC details
000 - LÍDER
campo de control de longitud fija 00973nam a2200241Ia 4500
008 - ELEMENTOS DE DATOS DE LONGITUD FIJA - INFORMACIÓN GENERAL
campo de control de longitud fija 0000002014 usad 0000000000eng00
020 ## - INTERNATIONAL STANDARD BOOK NUMBER
International Standard Book Number 9780897974608
090 ## - NÚMERO DE LLAMADA DE TIPO LC LOCALMENTE ASIGNADO (OCLC)
Número de clasificación (OCLC) (R) PTU00 K87a
100 1# - ENTRADA PRINCIPAL - NOMBRE PERSONAL
Nombre de la persona Kuspit, Donald
245 10 - TÍTULO DECLARACIÓN
Título Ahmet Gunestekin
Resto del título : recent paintings
Declaración de responsabilidad / texts by Donald Kuspit
260 ## - PUBLICACIÓN, DISTRIBUCIÓN
Lugar de publicación New York : Marlborough
Fecha de publicación 2014
300 ## - DESCRIPCIÓN FÍSICA
Alcance 35 p.
Dimensiones / 25 cm.
500 ## - NOTA GENERAL
Nota general Exposición realizada en Marlborough Gallery de Nueva York entre el 26 de noviembre de 2013 y enero 4 de 2014 \ Incluye datos biográficos y cronología artística \ Texto en inglés
501 ## - Con nota
Con nota TeXto: The uses of mysticism: Ahmet Gunestekin's abstractions
600 00 - ENTRADA DE SUJETO AÑADIDO - NOMBRE PERSONAL
Nombre de la persona GUNESTEKIN, AHMET, 1966/
Subdivisión general TRABAJOS PICTORICOS
650 14 - ENTRADA DE SUJETO AÑADIDO - TÉRMINO TÓPICO
Término tópico o elemento de entrada del nombre geográfico ARTE CINETICO
650 14 - ENTRADA DE SUJETO AÑADIDO - TÉRMINO TÓPICO
Término tópico o elemento de entrada del nombre geográfico ARTE CONTEMPORANEO TURCO
650 14 - ENTRADA DE SUJETO AÑADIDO - TÉRMINO TÓPICO
Subdivisión general CATALOGOS
650 14 - ENTRADA DE SUJETO AÑADIDO - TÉRMINO TÓPICO
Subdivisión general EXPOSICIONES
650 14 - ENTRADA DE SUJETO AÑADIDO - TÉRMINO TÓPICO
Término tópico o elemento de entrada del nombre geográfico PINTORES TURCOS
650 14 - ENTRADA DE SUJETO AÑADIDO - TÉRMINO TÓPICO
Término tópico o elemento de entrada del nombre geográfico PINTURA TURCA
Holdings
Estado de retirada Pérdida de estatus Estado dañado No para préstamo Código de recogida Ubicación permanente Ubicación actual Ubicación de las estanterías Fecha de adquisición Número de llamada completo Código de barras Fecha de la última vez que se vio Número de copia Precio efectivo desde Tipo de artículo Koha
        General ArtNexus ArtNexus General 06/09/2022 P-TU-00 K87A 15944 06/09/2022 Ej.1 06/09/2022 Libro

Powered by Koha